| 000 | 01006cam a22002894a 4500 | ||
|---|---|---|---|
| 001 | 12407191 | ||
| 003 | GBCCL | ||
| 005 | 20241126110422.0 | ||
| 008 | 010514s2001 iluab 000 0 eng | ||
| 010 | _a 2001034697 | ||
| 020 | _a0842370897 (alk. paper) | ||
| 040 |
_aDLC _cDLC _dDLC |
||
| 042 | _apcc | ||
| 050 | 0 | 0 |
_aBS440 _b.T96 2001 |
| 082 | 0 | 0 |
_a220.3 _221 _bTYN |
| 245 | 0 | 0 |
_aTyndale Bible dictionary / _ceditors, Walter A. Elwell and Philip W. Comfort. |
| 246 | 3 | 0 | _aBible dictionary |
| 260 |
_aWheaton, Ill. : _bTyndale House Publishers, _cc2001. |
||
| 300 |
_a1336 p. : _bill., col. maps ; _c27 cm. |
||
| 440 | 0 |
_aTyndale reference library _94500 |
|
| 630 | 0 | 0 |
_aBible _vDictionaries. _91814 |
| 700 | 1 |
_aElwell, Walter A. _91780 |
|
| 700 | 1 |
_aComfort, Philip Wesley. _91417 |
|
| 906 |
_a7 _bcbc _corignew _d1 _eocip _f20 _gy-gencatlg |
||
| 942 |
_2ddc _cREF |
||
| 999 |
_c2199 _d2199 |
||